<?xml version="1.0" encoding="UTF-8"?>
<record
    xmlns:xsi="http://www.w3.org/2001/XMLSchema-instance"
    xsi:schemaLocation="http://www.loc.gov/MARC21/slim http://www.loc.gov/standards/marcxml/schema/MARC21slim.xsd"
    xmlns="http://www.loc.gov/MARC21/slim">

  <leader>05833nam a22006135i 4500</leader>
  <controlfield tag="001">978-3-642-35139-6</controlfield>
  <controlfield tag="003">DE-He213</controlfield>
  <controlfield tag="005">20140220083330.0</controlfield>
  <controlfield tag="007">cr nn 008mamaa</controlfield>
  <controlfield tag="008">121119s2012    gw |    s    |||| 0|eng d</controlfield>
  <datafield tag="020" ind1=" " ind2=" ">
    <subfield code="a">9783642351396</subfield>
    <subfield code="9">978-3-642-35139-6</subfield>
  </datafield>
  <datafield tag="024" ind1="7" ind2=" ">
    <subfield code="a">10.1007/978-3-642-35139-6</subfield>
    <subfield code="2">doi</subfield>
  </datafield>
  <datafield tag="050" ind1=" " ind2="4">
    <subfield code="a">Q334-342</subfield>
  </datafield>
  <datafield tag="050" ind1=" " ind2="4">
    <subfield code="a">TJ210.2-211.495</subfield>
  </datafield>
  <datafield tag="072" ind1=" " ind2="7">
    <subfield code="a">UYQ</subfield>
    <subfield code="2">bicssc</subfield>
  </datafield>
  <datafield tag="072" ind1=" " ind2="7">
    <subfield code="a">TJFM1</subfield>
    <subfield code="2">bicssc</subfield>
  </datafield>
  <datafield tag="072" ind1=" " ind2="7">
    <subfield code="a">COM004000</subfield>
    <subfield code="2">bisacsh</subfield>
  </datafield>
  <datafield tag="082" ind1="0" ind2="4">
    <subfield code="a">006.3</subfield>
    <subfield code="2">23</subfield>
  </datafield>
  <datafield tag="100" ind1="1" ind2=" ">
    <subfield code="a">Zanzotto, Fabio Massimo.</subfield>
    <subfield code="e">editor.</subfield>
  </datafield>
  <datafield tag="245" ind1="1" ind2="0">
    <subfield code="a">Brain Informatics</subfield>
    <subfield code="h">[electronic resource] :</subfield>
    <subfield code="b">International Conference, BI 2012, Macau, China, December 4-7, 2012. Proceedings /</subfield>
    <subfield code="c">edited by Fabio Massimo Zanzotto, Shusaku Tsumoto, Niels Taatgen, Yiyu Yao.</subfield>
  </datafield>
  <datafield tag="264" ind1=" " ind2="1">
    <subfield code="a">Berlin, Heidelberg :</subfield>
    <subfield code="b">Springer Berlin Heidelberg :</subfield>
    <subfield code="b">Imprint: Springer,</subfield>
    <subfield code="c">2012.</subfield>
  </datafield>
  <datafield tag="300" ind1=" " ind2=" ">
    <subfield code="a">XVI, 374 p. 134 illus.</subfield>
    <subfield code="b">online resource.</subfield>
  </datafield>
  <datafield tag="336" ind1=" " ind2=" ">
    <subfield code="a">text</subfield>
    <subfield code="b">txt</subfield>
    <subfield code="2">rdacontent</subfield>
  </datafield>
  <datafield tag="337" ind1=" " ind2=" ">
    <subfield code="a">computer</subfield>
    <subfield code="b">c</subfield>
    <subfield code="2">rdamedia</subfield>
  </datafield>
  <datafield tag="338" ind1=" " ind2=" ">
    <subfield code="a">online resource</subfield>
    <subfield code="b">cr</subfield>
    <subfield code="2">rdacarrier</subfield>
  </datafield>
  <datafield tag="347" ind1=" " ind2=" ">
    <subfield code="a">text file</subfield>
    <subfield code="b">PDF</subfield>
    <subfield code="2">rda</subfield>
  </datafield>
  <datafield tag="490" ind1="1" ind2=" ">
    <subfield code="a">Lecture Notes in Computer Science,</subfield>
    <subfield code="x">0302-9743 ;</subfield>
    <subfield code="v">7670</subfield>
  </datafield>
  <datafield tag="505" ind1="0" ind2=" ">
    <subfield code="a">Thinking and Perception-Centric Investigations of Human Information Processing System -- Associative Information Processing in Parahippocampal Place Area (PPA): An fMRI Study -- Language Acquisition Is an Optimized Process Balanced between Holistic and Compositive -- Object Recognition Test in Peripheral Vision: A Study on the Influence of Object Color, Pattern and Shape -- Basic Level Advantage during Information Retrieval: An ERP Study -- A Skill Learning during Heuristic Problem Solving: An fMRI Study -- The Role of Category Label in Adults&#x2019; Inductive Reasoning -- Estimation of Visual Feedback Contribution to Limb Stiffness in Visuomotor Control -- Rule Acquisition in the Proceeding of Heuristic Sudoku Solving -- BatGaze: A New Tool to Measure Depth Features at the Center of Gaze during Free Viewing -- A Brain Informatics Approach to Explain the Oblique Effect via Depth Statistics -- An Agent Model for Temporal Dynamics Analysis of a Person with Chronic Fatigue Syndrome -- A Na&#xA8;&#x131;ve Hypergraph Model of Brain Networks -- The Effect of Individual Psychological Characteristics on Creativity Revelation: Emphasis with Psychological Empowerment and Intrinsic Motivation -- Information Technologies for the Management, Use, and Simulation of Brain Data -- Modeling and Optimization of Information Retrieval for Perception-Based Information -- Sleep Physiological Dynamics Simulation with Fuzzy Set -- Parallels between Machine and Brain Decoding -- Detecting Emotion from EEG Signals Using the Emotive Epoc Device -- An Efficient Visibility Graph Similarity Algorithm and Its Application on Sleep Stages Classification -- Information-Theoretic Based Feature Selection for Multi-Voxel Pattern Analysis of fMRI Data -- Applications -- Multiplications of EEG Samples through Replicating, Biasing, and Overlapping -- The Impact of PSO Based Dimension Reduction on EEG Classification -- Modified Shared Circuits Model for Manufacturing Processes Control: From Psychology and Neuroscience to a Computational Solution -- A Brain-Inspired Computational Model of Emotion and Attention Interaction -- Chinese Medicine Formula Network Analysis for Core Herbal Discovery -- An EEG-Based Brain Informatics Application for Enhancing Music Experience -- Decoding of EEG Activity from Object Views: Active Detection vs. Passive Visual Tasks -- A Cognitive Architecture Based on Cognitive/Neurological Dual-System Theories -- Special Session on Granular Computing and Brain Informatics -- Preliminary Study Using Granular Computing for Remote Sensing Image Segmentation Involving Roughness -- Semi-supervised Clustering via Constrained Symmetric Non-negative Matrix Factorization -- Granular Association Rule Mining through Parametric Rough Sets -- Comparison of Granular Computing Models in a Set-Theoretic Framework -- Multiple Representations of Web Content for Effective Knowledge Utilization -- Rule Measures Tradeoff Using Game-Theoretic Rough Sets -- A Comparison Study of Cost-Sensitive Classifier Evaluations.</subfield>
  </datafield>
  <datafield tag="520" ind1=" " ind2=" ">
    <subfield code="a">This book constitutes the refereed proceedings of the International Conference on Brain Informatics, BI 2012, held in Macau, China, in December 2012. The 34 revised full papers&#xA0; were carefully reviewed and selected for inclusion in the book. The papers are organized in topical sections&#xA0; on computer science, information technology, artificial intelligence, web intelligence, cognitive science, neuroscience, medical science, life science, economics, data mining, data and knowledge engineering, intelligent agent technology, human computer interaction, complex systems, and system science.</subfield>
  </datafield>
  <datafield tag="650" ind1=" " ind2="0">
    <subfield code="a">Computer science.</subfield>
  </datafield>
  <datafield tag="650" ind1=" " ind2="0">
    <subfield code="a">Computer software.</subfield>
  </datafield>
  <datafield tag="650" ind1=" " ind2="0">
    <subfield code="a">Database management.</subfield>
  </datafield>
  <datafield tag="650" ind1=" " ind2="0">
    <subfield code="a">Artificial intelligence.</subfield>
  </datafield>
  <datafield tag="650" ind1=" " ind2="0">
    <subfield code="a">Computer vision.</subfield>
  </datafield>
  <datafield tag="650" ind1=" " ind2="0">
    <subfield code="a">Optical pattern recognition.</subfield>
  </datafield>
  <datafield tag="650" ind1="1" ind2="4">
    <subfield code="a">Computer Science.</subfield>
  </datafield>
  <datafield tag="650" ind1="2" ind2="4">
    <subfield code="a">Artificial Intelligence (incl. Robotics).</subfield>
  </datafield>
  <datafield tag="650" ind1="2" ind2="4">
    <subfield code="a">Information Systems Applications (incl. Internet).</subfield>
  </datafield>
  <datafield tag="650" ind1="2" ind2="4">
    <subfield code="a">Algorithm Analysis and Problem Complexity.</subfield>
  </datafield>
  <datafield tag="650" ind1="2" ind2="4">
    <subfield code="a">Database Management.</subfield>
  </datafield>
  <datafield tag="650" ind1="2" ind2="4">
    <subfield code="a">Image Processing and Computer Vision.</subfield>
  </datafield>
  <datafield tag="650" ind1="2" ind2="4">
    <subfield code="a">Pattern Recognition.</subfield>
  </datafield>
  <datafield tag="700" ind1="1" ind2=" ">
    <subfield code="a">Tsumoto, Shusaku.</subfield>
    <subfield code="e">editor.</subfield>
  </datafield>
  <datafield tag="700" ind1="1" ind2=" ">
    <subfield code="a">Taatgen, Niels.</subfield>
    <subfield code="e">editor.</subfield>
  </datafield>
  <datafield tag="700" ind1="1" ind2=" ">
    <subfield code="a">Yao, Yiyu.</subfield>
    <subfield code="e">editor.</subfield>
  </datafield>
  <datafield tag="710" ind1="2" ind2=" ">
    <subfield code="a">SpringerLink (Online service)</subfield>
  </datafield>
  <datafield tag="773" ind1="0" ind2=" ">
    <subfield code="t">Springer eBooks</subfield>
  </datafield>
  <datafield tag="776" ind1="0" ind2="8">
    <subfield code="i">Printed edition:</subfield>
    <subfield code="z">9783642351389</subfield>
  </datafield>
  <datafield tag="830" ind1=" " ind2="0">
    <subfield code="a">Lecture Notes in Computer Science,</subfield>
    <subfield code="x">0302-9743 ;</subfield>
    <subfield code="v">7670</subfield>
  </datafield>
  <datafield tag="856" ind1="4" ind2="0">
    <subfield code="u">http://dx.doi.org/10.1007/978-3-642-35139-6</subfield>
  </datafield>
  <datafield tag="912" ind1=" " ind2=" ">
    <subfield code="a">ZDB-2-SCS</subfield>
  </datafield>
  <datafield tag="912" ind1=" " ind2=" ">
    <subfield code="a">ZDB-2-LNC</subfield>
  </datafield>
  <datafield tag="999" ind1=" " ind2=" ">
    <subfield code="c">103823</subfield>
    <subfield code="d">103823</subfield>
  </datafield>
</record>
